000 01691nam a2200517 i 4500
001 1420
003 KOSZ 005
005 20200818103025.0
008 200818s1975 pl a f 001 0 pol
015 _aUWD 1976/356
035 _a991023353639705066
035 _a(PL-WaBN)b16399638-48omnis_nlop
035 _ab16399638
035 _a(OCoLC)76272758
035 _a(PL)b0000001639963
035 _a(EXLNZ-48OMNIS_NETWORK)9910281598605606
040 _aWA N
_cWA N
_dKR U
_dKOSZ 005/AR
046 _k1975
080 _a544.18
080 _a530.145
080 _a(075.8)
100 1 _aKołos, Włodzimierz
_d(1928-1996)
_eAutor
245 1 0 _aChemia kwantowa /
_cWłodzimierz Kołos.
250 _aWydanie 2.
260 _aWarszawa :
_bPaństwowe Wydawnictwo Naukowe,
_c1975.
300 _a263, [1] strona :
_bilustracje ;
_c25 cm.
336 _aTekst
_btxt
_2rdacontent
337 _aBez urządzenia pośredniczącego
_bn
_2rdamedia
338 _aWolumin
_bnc
_2rdacarrier
380 _aKsiążki
380 _aPublikacje dydaktyczne
385 _mPoziom nauczania
_aSzkoły wyższe
388 _a1901-2000
388 _a1945-1989
504 _aIndeks.
521 _aSkrypt dla studentów uniwersytetów i wyższych szkół pedagogicznych.
650 7 _aChemia
_2DBN
650 7 _aChemia kwantowa
_2DBN
650 7 _aMechanika kwantowa
_2DBN
655 7 _aPodręczniki akademickie
_2DBN
658 _aChemia
710 _4pbl
_aPaństwowe Wydawnictwo Naukowe
856 _uhttp://koha.tu.koszalin.pl/cgi-bin/koha/opac-detail.pl?biblionumber=1420
_yKatalog online BPK
942 _2UKD
_cKS
999 _c1420
_d1420